Normal view
MARC view
- منظمة التجارة العالمي، (جنيف، سويسرا)
Entry Personal Name
001 - CONTROL NUMBER
- control field: 33596
003 - CONTROL NUMBER IDENTIFIER
- control field: JO-AjAnu
005 - DATE AND TIME OF LATEST TRANSACTION
- control field: 20230606075633.0
008 - FIXED-LENGTH DATA ELEMENTS
- fixed length control field: 230606|| aca||aabn | a|a d
040 ## - CATALOGING SOURCE
- Original cataloging agency: JO-AjAnu
- Transcribing agency: JO-AjAnu
100 ## - HEADING--PERSONAL NAME
- Personal name: منظمة التجارة العالمي، (جنيف، سويسرا)
670 ## - SOURCE DATA FOUND
- Source citation: Work cat.: (JO-AjAnu)17259: منظمة التجارة العالمي، (جنيف، سويسرا), author, دليل دوائر الاعمال الى النظام التجاري العالمي